| 000 | 00651nam a22001337a 4500 | ||
|---|---|---|---|
| 040 | _cRUA | ||
| 082 | _aGRS KHI 2017 B641 Or.1 | ||
| 100 | _aKHIN VISAL ឃិន វិសាល | ||
| 245 | _athe study on business of orange in sangkar district battambng province ការសិក្សារពីទីផ្សារអាជីវកម្មក្រូចពោធិ៍សាត់នៅស្រុក សង្កែ ខេត្តបាត់ដំបង | ||
| 260 |
_aRUA _bPhnom penh _c2017 |
||
| 300 |
_ax;41p _bill; _c29cm |
||
| 856 | _uhttps://drive.google.com/file/d/1hMUN58_GLzMq5uMTdCyQT3NVYRWRwGdq/view?usp=sharing | ||
| 942 | _cGRS | ||
| 999 |
_c18092 _d18092 |
||